000 00736nas a2200241 4500
001 BR5900276
003 BR-BrBNA
005 20231205082026.0
007 ta
008 230509b bl.|||p| |||| 00| 00por d
040 _aBR-BrBNA
_bpor
_cBiblioteca Nacional de Agricultura
041 _a(Pt)
072 _aB10; F20
100 1 _aSena Sobrinho, M.
245 1 _aEstudos regionais. Geologia do municipio de Dom Pedrito (Rio Grande do Sul)[Brasil]
650 _aFISIOGRAFIA
650 _aGEOLOGIA
650 _aDOM PEDRITO
650 _aRIO GRANDE DO SUL
773 0 _tBoletim Geografico do Rio Grande do Sul (Brasil)
_x
_g(1959), v. 4(9-10) p. 18-36
_wBR5900276
909 _a202311
_bLúcia
_c55
_dLúcia Elande
942 _2AGRIS
_n0
_cANA
999 _c88638
_d88638